• 首页
  • 本馆介绍
  • 公告通知
  • 最新文献
  • 馆藏检索
  • 电子资源
  • 读者导购
  • 参考咨询
  • 我的图书馆
  • 登录
  • 详细信息显示
  • 放入我的书架
  • 预约/预借图书
  • 作者相关作品
  • 分类相关作品
  • 丛书相关作品
  • 出版社相关作品

书目信息

  • 表格格式
  • 工作单格式
  • 卡片格式
题名:
数据化风控
    
 
作者: 单良 , 乔杨 著 ;盖瑞瑞 主编
分册:  
出版信息: 北京   电子工业出版社  2018.09
页数: 230页
开本: 23cm
丛书名:
单 册:
中图分类: F830.5
科图分类:
主题词: 信用评级--系统建模
电子资源:
ISBN: 978-7-121-34629-3
000 00968nam0 2200253 450
001 4558
005 20181012115149.73
010    @a978-7-121-34629-3@dCNY65.00
100    @a20180819d2018 em y0chiy50 ea
101 0  @achi
102    @aCN@b110000
105    @ay z 000yy
200 1  @a数据化风控@9shu ju hua feng kong@e信用评分建模教程@f单良,乔杨著@g盖瑞瑞主编
210    @a北京@c电子工业出版社@d2018.09
215    @a230页@d23cm
330    @a本书共13章,内容包括:信用评分基础认识与应用、信用评分模型规格与设计、细致分析与自变量分析、模型建立方法讨论、最终模型选择与风险校准、信用评分模型监控报告、信用评分模型案例(消费产品分期)、信用评分模型案例(现金贷)等。
517 1  @a信用评分建模教程@9xin yong ping fen jian mo jiao cheng
606 0  @a信用评级@x系统建模
690    @aF830.5@v5
701  0 @a单良@9shan liang@4著
701  0 @a乔杨@9qiao yang@4著
702  0 @a盖瑞瑞@9gai rui rui@4主编
801  0 @aCN@b91MARC@c20180819
905    @aMuseLib@dF830.5@e461
    
    数据化风控:信用评分建模教程/单良,乔杨著/盖瑞瑞主编.-北京:电子工业出版社,2018.09
    230页;23cm
    
    
    ISBN 978-7-121-34629-3:CNY65.00
    本书共13章,内容包括:信用评分基础认识与应用、信用评分模型规格与设计、细致分析与自变量分析、模型建立方法讨论、最终模型选择与风险校准、信用评分模型监控报告、信用评分模型案例(消费产品分期)、信用评分模型案例(现金贷)等。
●
相关链接 在E读中查询图书 在五车中查询图书 在当当中查询图书 在豆瓣中查询图书


正题名:数据化风控     索取号:F830.5/461         预约/预借

序号 登录号 条形码 馆藏地/架位号 状态 备注
1 1125706   211257067   第一样本阅览室/ [索取号:F830.5/461] 在馆    
2 1125707   211257076   第一借阅区/ [索取号:F830.5/461] 在馆    
3 1125708   211257085   第一借阅区/ [索取号:F830.5/461] 在馆    
4 1125709   211257094   第一借阅区/ [索取号:F830.5/461] 在馆    
5 1125710   211257101   第一借阅区/ [索取号:F830.5/461] 在馆    
唐山师范学院图书馆 欢迎您!
大连网信软件有限公司© 版权所有